000 01096nam a2200325 ia4500
005 20250305161210.0
008 220731t20222022si ao jr 6 000 eng d
020 _a9789811269967
_qset
020 _a9789811262555
_cRM 59.90
_qhardback
040 _aPPAK
_beng
_cPPAK
_erda
082 0 4 _a741.5
_223
090 0 0 _a741.5
_bWOR
_dK
245 0 0 _aWorld of Science :
_bAdventures with More Materials /
_cEdited by Karen Kwek and Kathy Wong
264 1 _aSingapore :
_bWS Education,
_c[2022]
264 4 _c©2022
300 _a80 pages :
_bcolour illustrations, colour photographs ;
_c27 cm.
336 _atext
_2rdacontent
336 _astill image
_2rdacontent
337 _aunmediated
_2rdamedia
338 _avolume
_2rdacarrier
490 1 _aWorld of Science comics
586 _aBestselling series
650 1 0 _aMaterials
_vComic books, strips,etc.
650 2 0 _aMaterials
_vJuvenile literature
650 2 0 _aGraphic novels
700 1 _aKwek, Karen,
_eeditor.
700 1 _aWong, Kathy,
_eeditor.
830 0 _aWorld of Science comics
942 _2ddc
_cB
999 _c190819
_d190819